000 00498nam a2200181 i 4500
001 142544
003 ES-MaACL
005 20230906200543.0
007 t|
008 071008s1968 sp ||||1| cat d
080 _a261.8
100 1 _aVilanova Vilanova, José.
_9114784
245 1 0 _aDiáaleg als Pireneus /
_cper Josep Vilanova Vilanova.
260 _aBarcelona :
_bVilamala,
_c1968.
300 _a142 p. ;
_c18 cm.
650 1 4 _aEcumenismo.
_912045
852 _aES-MaACL
_jC-36223
_bR.66202
999 _c142544
_d142544